000 01287nam a2200241Ia 4500
999 _c52473
_d52473
001 19496
003 GE_BSU
005 20200302203841.0
008 181216s1960||||ge |||||||||||||| ||geo||
040 _cGE_BSU
041 _ageo
080 _a811.353'342 ჟ-99
100 _aჟღენტი, სერგი
_97678
245 _aქართველურ ენათა შედარებითი ფონეტიკა I :
_bმარცვლის აგებულების პრობლემა /
_cსერგი ჟღენტი ; რედ. გ. ახვლედიანი.
264 _aთბილისი :
_bთბ. სახ. უნ-ტის გამ. და სტ.,
_c1960.
300 _a260 გვ. ;
_c21 სმ.
490 _aზოგადი ენათმეცნიერების კათედრის შრომები
_v4
653 _aქართველური ენების შედარებითი ფონეტიკა
653 _aმარცვლის აგებულება ქართველურ ენებში
653 _aქართული ენა
700 _aახვლედიანი, გ.
_eრედაქტორი
_92910
942 _cBK
_2udc